<?xml version="1.0" encoding="UTF-8"?>
<record
    xmlns:xsi="http://www.w3.org/2001/XMLSchema-instance"
    xsi:schemaLocation="http://www.loc.gov/MARC21/slim http://www.loc.gov/standards/marcxml/schema/MARC21slim.xsd"
    xmlns="http://www.loc.gov/MARC21/slim">

  <leader>00723nam a22002177a 4500</leader>
  <controlfield tag="003">SEM</controlfield>
  <datafield tag="999" ind1=" " ind2=" ">
    <subfield code="c">70505</subfield>
    <subfield code="d">70505</subfield>
  </datafield>
  <controlfield tag="005">20220608074613.0</controlfield>
  <controlfield tag="008">200724b           ||||| |||| 00| 0 arm d</controlfield>
  <datafield tag="040" ind1=" " ind2=" ">
    <subfield code="a">SEM</subfield>
    <subfield code="c">SEM</subfield>
  </datafield>
  <datafield tag="041" ind1=" " ind2=" ">
    <subfield code="a">arm</subfield>
  </datafield>
  <datafield tag="080" ind1=" " ind2=" ">
    <subfield code="a">891.981-3/&#x544;-28</subfield>
  </datafield>
  <datafield tag="100" ind1=" " ind2=" ">
    <subfield code="a">&#x544;&#x561;&#x576;&#x578;&#x582;&#x56F;&#x575;&#x561;&#x576; &#x544;&#x578;&#x582;&#x577;&#x565;&#x572; </subfield>
  </datafield>
  <datafield tag="245" ind1=" " ind2=" ">
    <subfield code="a">&#x53F;&#x57C;&#x578;&#x582;&#x576;&#x56F;: / </subfield>
    <subfield code="c">&#x544;. &#x544;&#x561;&#x576;&#x578;&#x582;&#x56F;&#x575;&#x561;&#x576; </subfield>
  </datafield>
  <datafield tag="246" ind1=" " ind2=" ">
    <subfield code="a">&#x41A;&#x440;&#x443;&#x43D;&#x43A;. / </subfield>
  </datafield>
  <datafield tag="260" ind1=" " ind2=" ">
    <subfield code="a">&#x535;&#x580;&#x587;&#x561;&#x576;: </subfield>
    <subfield code="b">&#xAB;&#x540;&#x561;&#x575;&#x561;&#x57D;&#x57F;&#x561;&#x576;&#xBB; &#x570;&#x580;&#x561;&#x57F;., </subfield>
    <subfield code="c">1969. </subfield>
  </datafield>
  <datafield tag="300" ind1=" " ind2=" ">
    <subfield code="a">257 &#x567;&#x57B;; </subfield>
    <subfield code="c">17 &#x57D;&#x574; </subfield>
  </datafield>
  <datafield tag="500" ind1=" " ind2=" ">
    <subfield code="a">[&#x541;&#x578;&#x580;&#x56B; &#x574;&#x56B;&#x580;&#x578;&#x576;: &#x53F;&#x561;&#x56E;&#x561;&#x576;&#x56B; &#x573;&#x561;&#x574;&#x583;&#x578;&#x580;&#x564;&#x576;&#x565;&#x580;:] </subfield>
  </datafield>
  <datafield tag="650" ind1=" " ind2=" ">
    <subfield code="a">&#x540;&#x561;&#x575; &#x563;&#x580;&#x561;&#x56F;&#x561;&#x576;&#x578;&#x582;&#x569;&#x575;&#x578;&#x582;&#x576; </subfield>
    <subfield code="x">&#x561;&#x580;&#x571;&#x561;&#x56F; </subfield>
  </datafield>
  <datafield tag="650" ind1=" " ind2=" ">
    <subfield code="a">&#x533;&#x565;&#x572;&#x561;&#x580;&#x57E;&#x565;&#x57D;&#x57F;&#x561;&#x56F;&#x561;&#x576; &#x563;&#x580;&#x561;&#x56F;&#x561;&#x576;&#x578;&#x582;&#x569;&#x575;&#x578;&#x582;&#x576; </subfield>
    <subfield code="x">&#x561;&#x580;&#x571;&#x561;&#x56F; </subfield>
  </datafield>
  <datafield tag="942" ind1=" " ind2=" ">
    <subfield code="2">udc</subfield>
    <subfield code="c">BK</subfield>
  </datafield>
  <datafield tag="952" ind1=" " ind2=" ">
    <subfield code="0">0</subfield>
    <subfield code="1">0</subfield>
    <subfield code="2">udc</subfield>
    <subfield code="4">0</subfield>
    <subfield code="7">0</subfield>
    <subfield code="8">&#x533;&#x580;&#x561;&#x57A;&#x561;&#x570;&#x578;&#x581;</subfield>
    <subfield code="a">SEM</subfield>
    <subfield code="b">SEM</subfield>
    <subfield code="d">2020-07-24</subfield>
    <subfield code="i">31640</subfield>
    <subfield code="l">0</subfield>
    <subfield code="o">891.981-3/&#x544;-28</subfield>
    <subfield code="p">31640</subfield>
    <subfield code="r">2020-07-24</subfield>
    <subfield code="w">2020-07-24</subfield>
    <subfield code="y">BK</subfield>
    <subfield code="z">&#x54D;&#x57A;&#x561;&#x57D;&#x561;&#x580;&#x56F;&#x57E;&#x578;&#x582;&#x574; &#x567; &#x568;&#x576;&#x569;&#x565;&#x580;&#x581;&#x561;&#x57D;&#x580;&#x561;&#x570;</subfield>
  </datafield>
</record>
